000 00637nam a2200241 a 4500
001 nice12345678
003 IN_TiNIC
005 20260116011858.0
008 050524s1968 hyda grp 000 0 eng
020 _a
_c100
082 0 0 _a343.0998
_bDAS
100 _aDas, Ramanuj
245 _aThe Press and Registration of Books Act 1867 With Short Notes and Case Law
260 _aHyderabad
_bLaw Publico
_c1968
300 _a22p
500 _aincludes index and biblioraphy
650 _aPublishing-Regulations
650 _aIndia-Publishing Laws
700 1 _aDas, Ramanuj
902 _bSRS
942 _cBK
999 _c4656
_d4656